Mezinárodní politická sociologie: výzkum praxe bezpečnosti
Medzinárodná politická sociológia bezpečnosti ako subdisciplína politickej sociológie, ktorá sa zakladá na štúdiu bezpečnostnej praxe. Diskurzívna konštrukcia bezpečnosti a jej limity. Medzinárodná politická sociológia: teoretické vymedzenie. Štúdium praktík bezpečnosti a sekuritizácie. Metódy výsku...
Salvato in:
| Autore principale: | |
|---|---|
| Altri autori: | |
| Natura: | Capitolo di libro |
| Lingua: | ceco |
| Soggetti: | |
| Tags: |
Nessun Tag, puoi essere il primo ad aggiungerne!!
|
MARC
| LEADER | 00000naa a2200000 4500 | ||
|---|---|---|---|
| 001 | 0228627 | ||
| 005 | 20231208075939.6 | ||
| 041 | 0 | |a cze | |
| 044 | |a CZ | ||
| 245 | 1 | 0 | |a Mezinárodní politická sociologie: výzkum praxe bezpečnosti |c Jan Daniel, Dagmar Rychnovská |
| 520 | |a Medzinárodná politická sociológia bezpečnosti ako subdisciplína politickej sociológie, ktorá sa zakladá na štúdiu bezpečnostnej praxe. Diskurzívna konštrukcia bezpečnosti a jej limity. Medzinárodná politická sociológia: teoretické vymedzenie. Štúdium praktík bezpečnosti a sekuritizácie. Metódy výskumu medzinárodnej politickej sociológie. | ||
| 610 | 2 | 0 | |a sociológia |
| 610 | 2 | 0 | |a politika medzinárodná |
| 610 | 2 | 0 | |a bezpečnosť |
| 610 | 2 | 0 | |a spoločnosť |
| 610 | 2 | 0 | |a výskum |
| 100 | 1 | |a Daniel, Jan | |
| 700 | 1 | |a Rychnovská, Dagmar | |